000 00479nam a2200169Ia 4500
003 GCL
008 140319s9999 xx 000 0 ara d
040 _aGCL /
_cGCL
082 0 4 _a813.009
_bى ق
100 1 _aيوسف الشارونى
245 1 0 _aالقصة والمجتمع /
_cيوسف الشارونى
300 _a80 ص
490 _aكتابك
_v0
650 0 4 _aالادب العربى
650 0 4 _aالقصة العربية - تاريخ ونقد
942 _2ddc
_cBK
999 _c47454
_d47454